| 000 | 00662nam a22001937a 4500 | ||
|---|---|---|---|
| 003 | OSt | ||
| 005 | 20250714005415.0 | ||
| 008 | 250714b |||||||| |||| 00| 0 eng d | ||
| 020 | _a9781680946802 | ||
| 040 |
_aDWCL - Main lib _cOC |
||
| 082 | _aCirc. 624.15 I29 2017 | ||
| 100 | _a3G E-Learning LLC | ||
| 245 |
_a Illustrated handbook of civil engineering/ _c3G E-Learning LLC |
||
| 260 |
_aNew York, NY : _b 3G E-learning LLC, _c c2017. |
||
| 300 |
_a xi, 365 pages : _b color illustrations ; _c26 cm. |
||
| 504 | _aIncludes bibliographical references and index. | ||
| 650 | _a1. Civil engineering-- Handbooks, manuals etc. | ||
| 942 |
_2ddc _cBK-CIRC _kCirc. _n0 |
||
| 999 |
_c3637 _d3637 |
||